[Event "4NCL Online Division 5"]
[Site "online"]
[Date "2020.05.19"]
[Round "7.74"]
[White "Rebbeck, Christopher"]
[Black "Jayawarna, Thisumi"]
[Result "0-1"]
[WhiteElo "1412"]
[BlackElo "1316"]
[PlyCount "128"]
[EventDate "2020.05.19"]
[WhiteTeam "Battersea Pawnbreakers"]
[BlackTeam "Manchester Juniors B"]

1. e4 d5 2. exd5 Qxd5 3. Nc3 Qa5 4. Nf3 Nf6 5. Be2 c6 6. O-O Bf5 7. d4 e6 8.
Ne5 Qc7 9. a3 Nbd7 10. Bf4 Bd6 11. b4 Nxe5 12. Bxe5 Bxe5 13. dxe5 Qxe5 14. Na4
O-O 15. Re1 Qd5 16. Qxd5 Nxd5 17. c4 Nf4 18. Nc5 Nxe2+ 19. Rxe2 b6 20. Ne4 Bxe4
21. Rxe4 Rad8 22. h3 Rd7 23. Re5 Rd4 24. c5 b5 25. a4 a6 26. axb5 axb5 27. Ra6
Rc8 28. Re3 Rxb4 29. Rd3 Rc4 30. Rd7 Rxc5 31. Rc7 Rb8 32. Raa7 Rf8 33. Rab7 g6
34. Kf1 Rc4 35. Ke2 h5 36. Ke3 Kg7 37. Rd7 b4 38. Kd3 Rc3+ 39. Kd2 c5 40. Rdc7
Rd8+ 41. Ke2 Rf8 42. Kd2 Kf6 43. g3 Rd8+ 44. Ke2 Rc2+ 45. Ke3 Rf8 46. Kd3 Rxf2
47. Rxc5 Rf3+ 48. Ke4 Rxg3 49. Rxb4 Rxh3 50. Rbb5 Ra8 51. Ra5 Rxa5 52. Rxa5 g5
53. Ra8 h4 54. Rh8 Rh1 55. Kf3 h3 56. Kg4 Rg1+ 57. Kf3 g4+ 58. Kf2 Rg2+ 59. Kf1
Ra2 60. Kg1 h2+ 61. Kh1 g3 62. Rh3 Ra1+ 63. Kg2 Rg1+ 64. Kf3 h1=Q+ 0-1

[Event "4NCL Online Division 5"]
[Site "online"]
[Date "2020.05.19"]
[Round "7.81"]
[White "Lancaster, Roger"]
[Black "Kirkman, Nigel J"]
[Result "1-0"]
[WhiteElo "1741"]
[BlackElo "1795"]
[PlyCount "111"]
[EventDate "2020.05.19"]
[WhiteTeam "Watford Juniors A"]
[BlackTeam "East Cornwall Clowns"]

1. e4 e6 2. d4 d5 3. Nd2 Nf6 4. e5 Nfd7 5. f4 c5 6. c3 Nc6 7. Ndf3 cxd4 8. cxd4
Qb6 9. Ne2 Bb4+ 10. Nc3 f6 11. Bd3 O-O 12. Rf1 Kh8 13. Bc2 Qd8 14. Be3 a6 15.
Qd3 f5 16. Bf2 Be7 17. a3 Na5 18. Nd2 Nb6 19. b3 Bd7 20. b4 Nac4 21. Nb3 Rc8
22. Nc5 Nb2 23. Qe2 Qc7 24. Ra2 Bxc5 25. bxc5 N6c4 26. Be3 Nxe3 27. Qxe3 Nc4
28. Qc1 Qa5 29. Rf3 b6 30. cxb6 Nxe5 31. fxe5 Rxc3 32. Rxc3 Qxc3+ 33. Qd2 Qc6
34. Bd3 Qxb6 35. Qb4 Qxb4+ 36. axb4 Bb5 37. Bxb5 axb5 38. Ra6 Re8 39. Rb6 g5
40. Rxb5 Kg7 41. Kd2 Re7 42. Rc5 Rb7 43. Kc3 h5 44. b5 Kf7 45. Kb4 Ke7 46. Ka5
Kd7 47. Ka6 Rb8 48. Ka7 Rf8 49. b6 g4 50. b7 f4 51. b8=Q Rxb8 52. Kxb8 h4 53.
Rc2 Ke7 54. Rf2 g3 55. hxg3 hxg3 56. Rxf4 1-0

[Event "4NCL Online Division 5"]
[Site "online"]
[Date "2020.05.19"]
[Round "7.82"]
[White "Henderson, Jason"]
[Black "Morrell, Sean"]
[Result "0-1"]
[WhiteElo "1705"]
[BlackElo "1607"]
[PlyCount "74"]
[EventDate "2020.05.19"]
[WhiteTeam "East Cornwall Clowns"]
[BlackTeam "Watford Juniors A"]

1. d4 e6 2. c4 d5 3. Nc3 Nf6 4. Nf3 c6 5. Bg5 Nbd7 6. e3 Qa5 7. a3 Ne4 8. Rc1
dxc4 9. Bf4 b5 10. Be2 Nxc3 11. bxc3 Bxa3 12. Rc2 O-O 13. Nd2 Qd8 14. O-O Nf6
15. Qa1 Be7 16. e4 a5 17. Rd1 Bb7 18. Bf3 a4 19. h4 a3 20. g4 h6 21. Kg2 Qa5
22. g5 hxg5 23. Bxg5 c5 24. e5 Bxf3+ 25. Nxf3 Nd5 26. Rh1 b4 27. cxb4 cxb4 28.
Rxc4 b3 29. h5 Bxg5 30. Nxg5 Qd2 31. Nf3 Qe2 32. Rc6 b2 33. Qa2 Nb4 34. Qb1 a2
35. Qg1 a1=Q 36. Qh2 b1=Q 37. Rcc1 Qxc1 0-1

[Event "4NCL Online Division 5"]
[Site "online"]
[Date "2020.05.19"]
[Round "7.83"]
[White "Ghosh, Kabir A"]
[Black "Jenkins, Simon"]
[Result "1-0"]
[WhiteElo "1502"]
[BlackElo "1525"]
[PlyCount "85"]
[EventDate "2020.05.19"]
[WhiteTeam "Watford Juniors A"]
[BlackTeam "East Cornwall Clowns"]

1. c4 e5 2. Nc3 Bc5 3. e3 d6 4. Nf3 f5 5. d4 exd4 6. exd4 Bb6 7. Be2 Nf6 8. Bg5
c6 9. d5 O-O 10. O-O Qe8 11. Bxf6 Rxf6 12. Re1 Qg6 13. c5 Bc7 14. dxc6 bxc6 15.
cxd6 Rxd6 16. Qb3+ Kh8 17. Ne5 Qf6 18. Nf7+ Kg8 19. Nxd6+ Kh8 20. Nf7+ Kg8 21.
Nh6+ Kf8 22. Qg8+ Ke7 23. Bh5+ Kd6 24. Rad1+ Kc5 25. Na4+ Kb4 26. Qb3+ Ka5 27.
Qc4 Qxh6 28. Qc5+ Ka6 29. Be2+ Kb7 30. Qb4+ Bb6 31. Nc5+ Kc7 32. Na4 Nd7 33.
Bf3 Rb8 34. Qc4 Qf6 35. Re6 Ne5 36. Rxf6 gxf6 37. Qg8 Bd7 38. Qxh7 Re8 39. Nxb6
axb6 40. Qg7 Re6 41. Bh5 c5 42. Bf7 Rc6 43. Be8 1-0

[Event "4NCL Online Division 5"]
[Site "online"]
[Date "2020.05.19"]
[Round "7.84"]
[White "Knight, Steven"]
[Black "Demjan, Denisz"]
[Result "0-1"]
[WhiteElo "1427"]
[BlackElo "1277"]
[PlyCount "64"]
[EventDate "2020.05.19"]
[WhiteTeam "East Cornwall Clowns"]
[BlackTeam "Watford Juniors A"]

1. e4 e5 2. f4 d6 3. Nf3 Nc6 4. Bc4 h6 5. a3 Qe7 6. fxe5 dxe5 7. Qe2 Bg4 8. Nc3
Nd4 9. Qd3 Nxf3+ 10. gxf3 Qh4+ 11. Ke2 Bd7 12. Bxf7+ Kd8 13. Qd5 Nf6 14. Qxb7
Rc8 15. Qxa7 Bd6 16. d3 Qh3 17. Qf2 Rf8 18. Ba2 Nh5 19. Be3 Be7 20. Qf1 Qh4 21.
Bf2 Nf4+ 22. Kd2 Qg5 23. Rg1 Qf6 24. Rd1 Bh3 25. Qe1 Ng2 26. Qe2 Qf4+ 27. Be3
Bg5 28. Nd5 Qxf3 29. Bxg5+ hxg5 30. Kc1 Qxe2 31. Rd2 Qg4 32. Ne3 Nxe3 0-1

[Event "4NCL Online Division 5"]
[Site "online"]
[Date "2020.05.19"]
[Round "7.91"]
[White "Arora, Tashika"]
[Black "Millar, Greg F"]
[Result "0-1"]
[WhiteElo "1787"]
[BlackElo "1727"]
[PlyCount "80"]
[EventDate "2020.05.19"]
[WhiteTeam "Oxford 4"]
[BlackTeam "Maryport Assassins B"]

1. d4 Nf6 2. c4 g6 3. Nc3 d5 4. Nf3 Bg7 5. h4 h5 6. Bf4 O-O 7. e3 c5 8. Be2 Nc6
9. O-O cxd4 10. Nxd4 Nxd4 11. Qxd4 Be6 12. Rfd1 Ne4 13. Be5 Bxe5 14. Qxe5 Nxc3
15. Qxc3 Rc8 16. Qb4 Qc7 17. cxd5 a5 18. Qd4 Rfd8 19. e4 f5 20. Qe3 f4 21. Qd4
Qc2 22. Bd3 Qc7 23. f3 Bf7 24. b3 e6 25. Bc4 b5 26. Bxb5 exd5 27. e5 Qc5 28.
Ba6 Rc7 29. Qxc5 Rxc5 30. Rac1 Rxc1 31. Rxc1 Re8 32. Re1 d4 33. Kf2 a4 34. Bb5
Rc8 35. Bxa4 Rc2+ 36. Re2 d3 37. Rxc2 dxc2 38. b4 c1=Q 39. b5 Qe3+ 40. Kf1 Bc4#
0-1

[Event "4NCL Online Division 5"]
[Site "online"]
[Date "2020.05.19"]
[Round "7.92"]
[White "Stone, Ian C"]
[Black "Neatherway, A Philip"]
[Result "1-0"]
[WhiteElo "1675"]
[BlackElo "1798"]
[PlyCount "77"]
[EventDate "2020.05.19"]
[WhiteTeam "Maryport Assassins B"]
[BlackTeam "Oxford 4"]

1. e4 e6 2. d4 d5 3. e5 c5 4. c3 Nc6 5. Nf3 Qb6 6. a3 c4 7. Nbd2 f6 8. Be2 fxe5
9. Nxe5 Nxe5 10. dxe5 Bc5 11. O-O Ne7 12. b4 cxb3 13. Nxb3 O-O 14. Nxc5 Qxc5
15. Qc2 Bd7 16. Bd3 g6 17. a4 Qc7 18. Bg5 Rf7 19. Bf6 Raf8 20. h4 Rxf6 21. exf6
Rxf6 22. h5 Qf4 23. Qc1 Qh4 24. Rb1 Bc6 25. Bb5 Rf5 26. Rb4 Qxh5 27. Bxc6 Nxc6
28. Rxb7 Ne5 29. f3 g5 30. Qe3 Qg6 31. Qxa7 g4 32. Rb8+ Rf8 33. fxg4 Nf7 34. a5
Rxb8 35. Qxb8+ Kg7 36. Qc7 e5 37. Rxf7+ Qxf7 38. Qxf7+ Kxf7 39. a6 1-0

[Event "4NCL Online Division 5"]
[Site "online"]
[Date "2020.05.19"]
[Round "7.93"]
[White "Hameed, Asif"]
[Black "Tyson, Terry"]
[Result "0-1"]
[WhiteElo "1768"]
[BlackElo "1667"]
[PlyCount "50"]
[EventDate "2020.05.19"]
[WhiteTeam "Oxford 4"]
[BlackTeam "Maryport Assassins B"]

1. e4 d5 2. exd5 Nf6 3. d4 Qxd5 4. Nc3 Qa5 5. Nf3 Bg4 6. h3 Qh5 7. Be2 e6 8.
Qd3 c6 9. Bf4 Nbd7 10. O-O-O Bxf3 11. Bxf3 Qa5 12. a3 Nd5 13. Bd2 Qc7 14. Qc4
N7b6 15. Qb3 Bd6 16. g3 Nxc3 17. Qxc3 Nd5 18. Qe3 Nxe3 19. Bxe3 O-O-O 20. c4 b6
21. b4 c5 22. dxc5 bxc5 23. b5 Qa5 24. Rd3 Qa4 25. Rc3 Be5 0-1

[Event "4NCL Online Division 5"]
[Site "online"]
[Date "2020.05.19"]
[Round "7.94"]
[White "Bowler, Tim"]
[Black "Bentham, Sam"]
[Result "1/2-1/2"]
[WhiteElo "1577"]
[BlackElo "1625"]
[PlyCount "58"]
[EventDate "2020.05.19"]
[WhiteTeam "Maryport Assassins B"]
[BlackTeam "Oxford 4"]

1. d4 Nf6 2. Bg5 e6 3. e4 d5 4. e5 h6 5. Bxf6 gxf6 6. Nf3 fxe5 7. Nxe5 Bg7 8.
Qh5 Qe7 9. Bd3 Bxe5 10. Qxe5 Rg8 11. g3 Nc6 12. Qe3 Qg5 13. Nd2 Bd7 14. Nb3
Qxe3+ 15. fxe3 Nb4 16. O-O Nxd3 17. cxd3 h5 18. Rf4 b6 19. a4 Ke7 20. e4 Bc6
21. e5 a5 22. Nd2 Rg4 23. Rxg4 hxg4 24. Rc1 Kd7 25. b3 Rf8 26. Rf1 Ke7 27. Rc1
Kd7 28. Rf1 Ke7 29. Rc1 Kd7 1/2-1/2

[Event "4NCL Online Division 5"]
[Site "online"]
[Date "2020.05.19"]
[Round "7.101"]
[White "Dobbie, Graham"]
[Black "Jina, Asha"]
[Result "0-1"]
[WhiteElo "1803"]
[BlackElo "1600"]
[PlyCount "98"]
[EventDate "2020.05.19"]
[WhiteTeam "East Kilbride"]
[BlackTeam "Bristol University B"]

1. c4 Nf6 2. Nc3 g6 3. g3 d6 4. Bg2 Bg7 5. d3 O-O 6. e4 e5 7. Nge2 Nc6 8. O-O
Be6 9. h3 Qd7 10. Kh2 Nh5 11. g4 Nf6 12. f4 exf4 13. Bxf4 Qe7 14. Qd2 a6 15.
Nd5 Bxd5 16. cxd5 Ne5 17. Rac1 Rac8 18. Rc2 c5 19. dxc6 Rxc6 20. Rxc6 Nxc6 21.
Nc3 Rd8 22. Qe3 Ne5 23. Kh1 h6 24. Bxh6 Nfxg4 25. hxg4 Qh4+ 26. Qh3 Qxh6 27.
Qxh6 Bxh6 28. d4 Nxg4 29. Nd5 Kg7 30. Bh3 Ne3 31. Nxe3 Bxe3 32. Rd1 Re8 33. Bg2
g5 34. Rd3 Bf4 35. Rc3 Re7 36. Kg1 Kg6 37. Kf2 g4 38. d5 Kg5 39. Rc8 Be5 40. b3
Kf4 41. Bf1 Bd4+ 42. Kg2 Rxe4 43. Rc7 f5 44. Rxb7 a5 45. Rd7 Bc5 46. Rf7 Rd4
47. Bc4 Rd2+ 48. Kh1 Kg3 49. Rh7 Rd1+ 0-1

[Event "4NCL Online Division 5"]
[Site "online"]
[Date "2020.05.19"]
[Round "7.102"]
[White "Kelly, Aaron"]
[Black "Dunlop, Anthony"]
[Result "0-1"]
[WhiteElo "1600"]
[BlackElo "1784"]
[PlyCount "74"]
[EventDate "2020.05.19"]
[WhiteTeam "Bristol University B"]
[BlackTeam "East Kilbride"]

1. c4 g6 2. Nc3 Bg7 3. d4 a6 4. e4 d6 5. Nf3 Nh6 6. Be2 Nd7 7. h4 Nf6 8. Ng5 c6
9. h5 b5 10. Qb3 O-O 11. hxg6 hxg6 12. Ne6 Bxe6 13. Bxh6 Rb8 14. Nd1 Nxe4 15.
Qe3 Qa5+ 16. Kf1 f5 17. Bxg7 Kxg7 18. Qh6+ Kf7 19. Qh7+ Ke8 20. Qxg6+ Kd7 21.
Rh6 Rf6 22. Qh7 Rxh6 23. Qxh6 bxc4 24. Ne3 Rxb2 25. Bxc4 Nd2+ 26. Kg1 Nxc4 27.
Nxc4 Bxc4 28. Qe3 Qd2 29. Qf3 Qxd4 30. Qxf5+ Be6 31. Qf3 Rxa2 32. Rb1 Ra1 33.
Rxa1 Qxa1+ 34. Kh2 Qe5+ 35. g3 Bd5 36. Qg4+ Kc7 37. Qh4 Qe4 0-1

[Event "4NCL Online Division 5"]
[Site "online"]
[Date "2020.05.19"]
[Round "7.103"]
[White "Peakman, Jonlee"]
[Black "Kaye, Chris"]
[Result "1-0"]
[WhiteElo "1217"]
[BlackElo "1592"]
[PlyCount "77"]
[EventDate "2020.05.19"]
[WhiteTeam "East Kilbride"]
[BlackTeam "Bristol University B"]

1. d4 d5 2. c4 e5 3. dxe5 d4 4. Nf3 Nc6 5. a3 Bg4 6. Nbd2 f6 7. exf6 Nxf6 8. h3
Bh5 9. b4 Be7 10. g4 Bg6 11. Nb3 Be4 12. Bg2 O-O 13. b5 Bxf3 14. Bxf3 Ne5 15.
Bxb7 Rb8 16. Bg2 d3 17. O-O Qd7 18. exd3 Nxd3 19. Be3 Rbd8 20. Bxa7 Qe6 21. Qc2
Nf4 22. Nd4 Rxd4 23. Bxd4 Ne2+ 24. Kh1 Nxd4 25. Qd3 Bc5 26. g5 Kh8 27. gxf6
Qxf6 28. a4 Bd6 29. a5 Qf4 30. Qg3 Qd2 31. Qe3 Nb3 32. Qxd2 Nxd2 33. Rfe1 Rxf2
34. Re8+ Bf8 35. a6 Nxc4 36. a7 Nb6 37. Rf1 Rxf1+ 38. Bxf1 Kg8 39. Bc4+ 1-0

[Event "4NCL Online Division 5"]
[Site "online"]
[Date "2020.05.19"]
[Round "7.104"]
[White "Baugh, Michael"]
[Black "Shrestha, Unnabh"]
[Result "1-0"]
[WhiteElo "1495"]
[BlackElo "1084"]
[PlyCount "127"]
[EventDate "2020.05.19"]
[WhiteTeam "Bristol University B"]
[BlackTeam "East Kilbride"]

1. d4 Nf6 2. c4 c5 3. d5 b5 4. cxb5 a6 5. Nc3 d6 6. Bg5 g6 7. e4 Bg7 8. Nf3
Nbd7 9. Be2 O-O 10. O-O Bb7 11. Qd2 Qb6 12. a4 Rfc8 13. Bh6 Ng4 14. Bxg7 Kxg7
15. h3 Nge5 16. Nxe5 Nxe5 17. a5 Qc7 18. b6 Qd8 19. Rfe1 Nd7 20. Bg4 h5 21.
Bxd7 Qxd7 22. Re3 Re8 23. Rae1 Rad8 24. Rg3 e6 25. Rge3 exd5 26. exd5 Rxe3 27.
Qxe3 Qf5 28. Qe7 Rd7 29. Qe4 Qxe4 30. Rxe4 Kf6 31. f3 Kg5 32. h4+ Kh6 33. Kf2
f5 34. Re6 Kg7 35. Ke3 Kf7 36. Kf4 Bxd5 37. Nxd5 Kxe6 38. Nc7+ Rxc7 39. bxc7
Kd7 40. Kg5 Kxc7 41. Kxg6 d5 42. Kxf5 d4 43. Ke4 Kd6 44. g4 Ke6 45. gxh5 Kf7
46. b4 cxb4 47. Kxd4 Kg7 48. Kc4 Kh6 49. Kxb4 Kxh5 50. Kc5 Kxh4 51. Kb6 Kg3 52.
Kxa6 Kxf3 53. Kb6 Ke4 54. a6 Kd5 55. a7 Kd6 56. a8=Q Ke6 57. Qd8 Kf7 58. Kc6
Kg6 59. Qf8 Kg5 60. Kd5 Kh5 61. Qg8 Kh6 62. Ke6 Kh5 63. Kf5 Kh6 64. Qg6# 1-0

[Event "4NCL Online Division 5"]
[Site "online"]
[Date "2020.05.19"]
[Round "7.111"]
[White "Kerbel, Sasha"]
[Black "Robinson, Brian"]
[Result "1-0"]
[WhiteElo "1780"]
[BlackElo "1750"]
[PlyCount "49"]
[EventDate "2020.05.19"]
[WhiteTeam "Wigston 2"]
[BlackTeam "Bishop Trojans"]

1. e4 e6 2. d4 d5 3. e5 c5 4. c3 Nc6 5. Nf3 Qb6 6. Be2 Nh6 7. Bxh6 Qxb2 8. Be3
Qxa1 9. Qc2 cxd4 10. Nxd4 Nxd4 11. Bxd4 Ba3 12. Bb5+ Ke7 13. O-O Qb2 14. Qa4 a6
15. Nxa3 Bd7 16. Bxd7 b5 17. Bc5+ Kxd7 18. Qf4 Ke8 19. Qg5 Kd7 20. Qe7+ Kc6 21.
Qd6+ Kb7 22. Qb6+ Kc8 23. Qc6+ Kb8 24. Bd6+ Ka7 25. Qc7# 1-0

[Event "4NCL Online Division 5"]
[Site "online"]
[Date "2020.05.19"]
[Round "7.112"]
[White "Smith, Peter J"]
[Black "Pike, Andrew"]
[Result "1-0"]
[WhiteElo "1667"]
[BlackElo "1660"]
[PlyCount "91"]
[EventDate "2020.05.19"]
[WhiteTeam "Bishop Trojans"]
[BlackTeam "Wigston 2"]

1. h3 e5 2. a3 Nc6 3. d3 h6 4. c3 Nf6 5. Qc2 d5 6. Nd2 Be7 7. Ngf3 O-O 8. g4
Nh7 9. Bg2 Be6 10. e4 d4 11. c4 a5 12. Nf1 Ng5 13. N1h2 Bd7 14. Bd2 b6 15. Qc1
Kh7 16. h4 Nxf3+ 17. Nxf3 Bxg4 18. Ng5+ Kg8 19. Nf3 Kh7 20. Nh2 Bh5 21. Bf3
Bxf3 22. Nxf3 f6 23. h5 Qd7 24. Nh4 Qg4 25. Nf5 Qg2 26. Rf1 Qg4 27. Bxh6 Qxh5
28. Bxg7 Rg8 29. Rg1 Bf8 30. Kd2 Bxg7 31. Rh1 Bh6+ 32. Nxh6 Qg5+ 33. Kc2 Qxc1+
34. Raxc1 Rg2 35. Nf5+ Kg8 36. Rcg1 Rxg1 37. Rxg1+ Kf8 38. Rg6 Kf7 39. Rg7+ Ke6
40. Rxc7 Rb8 41. Rxc6+ Kf7 42. Rc7+ Kf8 43. f3 a4 44. Nd6 Kg8 45. b4 Rd8 46.
Rc8 1-0

[Event "4NCL Online Division 5"]
[Site "online"]
[Date "2020.05.19"]
[Round "7.113"]
[White "Raine, Benjamin"]
[Black "Bainbridge, Bryan J"]
[Result "1/2-1/2"]
[WhiteElo "1615"]
[BlackElo "1570"]
[PlyCount "103"]
[EventDate "2020.05.19"]
[WhiteTeam "Wigston 2"]
[BlackTeam "Bishop Trojans"]

1. e4 e6 2. d4 a6 3. Nf3 b5 4. a3 h6 5. Nc3 Bb7 6. Bd3 Nf6 7. h3 c5 8. dxc5
Bxc5 9. O-O O-O 10. Re1 d6 11. Be3 Bxe3 12. Rxe3 Kh8 13. e5 dxe5 14. Nxe5 Nc6
15. Be4 Nxe4 16. Nxc6 Bxc6 17. Nxe4 Qxd1+ 18. Rxd1 Rad8 19. Nc3 Rxd1+ 20. Nxd1
Rd8 21. Nc3 g6 22. h4 h5 23. g3 Kg7 24. Kf1 Kf6 25. Ke2 Kf5 26. Na2 Rd7 27. Nc1
Be4 28. c3 Bc2 29. Nd3 Bxd3+ 30. Rxd3 Rxd3 31. Kxd3 Ke5 32. Ke3 Kd5 33. Kd3 e5
34. b3 f5 35. a4 bxa4 36. bxa4 a5 37. Kd2 e4 38. Kd1 Kc5 39. Kc1 Kc4 40. Kc2
Kd5 41. Kd1 Kc4 42. Kc2 Kc5 43. Kb3 Kd5 44. Kb2 Kc5 45. Ka3 Kd5 46. Kb3 Kc5 47.
Kb2 Kd5 48. Kb3 Kc5 49. Kb2 Kd5 50. Kb3 Kc5 51. Kb2 Kd5 52. Kb3 1/2-1/2

[Event "4NCL Online Division 5"]
[Site "online"]
[Date "2020.05.19"]
[Round "7.114"]
[White "Berry, Robert"]
[Black "Milligan, Alex"]
[Result "1/2-1/2"]
[WhiteElo "1562"]
[BlackElo "1487"]
[PlyCount "95"]
[EventDate "2020.05.19"]
[WhiteTeam "Bishop Trojans"]
[BlackTeam "Wigston 2"]

1. e4 d6 2. d4 Nf6 3. Nc3 g6 4. Bd3 Bg7 5. Nf3 O-O 6. h3 a6 7. O-O b5 8. Bf4
Bb7 9. Qe2 Nbd7 10. Rad1 c5 11. b3 cxd4 12. Nxd4 Nh5 13. Be3 Rc8 14. Nb1 Nc5
15. g4 Nf6 16. f3 e5 17. Nxb5 axb5 18. Bxc5 dxc5 19. Bxb5 Qb6 20. Bc4 Rfd8 21.
Nc3 Bc6 22. a4 Rd4 23. Kg2 Rcd8 24. h4 Qa5 25. Qe1 Rxd1 26. Nxd1 Qxe1 27. Rxe1
Rd2+ 28. Kg3 Rxc2 29. Ne3 Rd2 30. Rd1 Rxd1 31. Nxd1 Ne8 32. Nc3 Nd6 33. Bd5
Bxd5 34. Nxd5 Nb7 35. Ne7+ Kf8 36. Nc6 Bf6 37. a5 Nxa5 38. Nxa5 Be7 39. Nc4 Ke8
40. Nxe5 Bd6 41. f4 Bxe5 42. fxe5 Ke7 43. Kf4 Ke6 44. g5 Ke7 45. Ke3 Ke6 46.
Kf4 Ke7 47. Ke3 Ke6 48. Kf4 1/2-1/2

[Event "4NCL Online Division 5"]
[Site "online"]
[Date "2020.05.19"]
[Round "7.121"]
[White "Gemmell, John"]
[Black "Brown, Geoffrey D"]
[Result "1-0"]
[WhiteElo "1930"]
[BlackElo "1726"]
[PlyCount "79"]
[EventDate "2020.05.19"]
[WhiteTeam "St Albans 2"]
[BlackTeam "Darnall & Handsworth"]

1. d4 e6 2. Bf4 f5 3. e3 Nf6 4. Nd2 Be7 5. h3 O-O 6. g4 Ne4 7. Nxe4 fxe4 8. Bg2
d5 9. Qd2 a5 10. O-O-O Nc6 11. f3 exf3 12. Nxf3 b5 13. h4 a4 14. e4 b4 15. Bg5
b3 16. a3 Na5 17. Ne5 Nc4 18. Nxc4 dxc4 19. c3 e5 20. Bxe7 Qxe7 21. g5 Bg4 22.
Rdf1 Rad8 23. d5 Bh5 24. Bh3 Rxf1+ 25. Rxf1 Rf8 26. Qe1 Rf4 27. Bf5 Qc5 28. Kd2
Qb6 29. Be6+ Bf7 30. Bxf7+ Kxf7 31. Qe2 Ke7 32. Qxc4 Rf2+ 33. Rxf2 Qxf2+ 34.
Qe2 Qxh4 35. Qg2 Qf4+ 36. Kd3 Kd6 37. Kc4 Qf8 38. Qg1 Kd7 39. Qg4+ Kd6 40. Qe6#
1-0

[Event "4NCL Online Division 5"]
[Site "online"]
[Date "2020.05.19"]
[Round "7.122"]
[White "Brennan, Oliver"]
[Black "Maton, Emily"]
[Result "1/2-1/2"]
[WhiteElo "1712"]
[BlackElo "1652"]
[PlyCount "107"]
[EventDate "2020.05.19"]
[WhiteTeam "Darnall & Handsworth"]
[BlackTeam "St Albans 2"]

1. e4 c5 2. d4 cxd4 3. c3 dxc3 4. Nxc3 Nc6 5. Nf3 d6 6. Bc4 Nf6 7. O-O g6 8. e5
dxe5 9. Qxd8+ Nxd8 10. Nxe5 Bg7 11. Nb5 O-O 12. Nc7 Rb8 13. Bf4 Nh5 14. Nxf7
Nxf7 15. Bg3 Nxg3 16. fxg3 Bxb2 17. Rad1 Be5 18. Bxf7+ Rxf7 19. Rd8+ Kg7 20.
Ne8+ Kh6 21. Rxf7 Be6 22. Rxb8 Bxf7 23. Rc8 Bxa2 24. Nc7 a6 25. Kf2 Bd4+ 26.
Kf3 e5 27. Ke4 Bb1+ 28. Kd5 Bd3 29. Ne6 Bb2 30. Rc7 b5 31. Nc5 Bc4+ 32. Ke4 a5
33. Nd3 Bxd3+ 34. Kxd3 a4 35. Rb7 a3 36. Kc2 e4 37. Re7 b4 38. Rxe4 Bc3 39. Kb3
Kg5 40. Re7 h5 41. Rf7 Kg4 42. Rf3 Kg5 43. h3 Bb2 44. Rf4 Bc3 45. Rf7 Bb2 46.
Rf4 Bc3 47. Rc4 Kf5 48. Rc5+ Kf6 49. Rc6+ Kf5 50. g4+ hxg4 51. hxg4+ Kg5 52.
Re6 Bb2 53. Ra6 Bc3 54. Ka2 1/2-1/2

[Event "4NCL Online Division 5"]
[Site "online"]
[Date "2020.05.19"]
[Round "7.123"]
[White "Price, Liam"]
[Black "Chatterton, Craig"]
[Result "1-0"]
[WhiteElo "1712"]
[BlackElo "1622"]
[PlyCount "157"]
[EventDate "2020.05.19"]
[WhiteTeam "St Albans 2"]
[BlackTeam "Darnall & Handsworth"]

1. d4 Nf6 2. c4 g6 3. Nf3 Bg7 4. Bf4 d6 5. Nc3 O-O 6. e3 Nbd7 7. Bd3 c5 8. d5
a6 9. a4 Nh5 10. Qc2 Nxf4 11. exf4 Nf6 12. f5 Re8 13. O-O e6 14. dxe6 Bxe6 15.
fxe6 Rxe6 16. Rfe1 Qd7 17. Rxe6 Qxe6 18. Re1 Qd7 19. h3 Nh5 20. Nd5 Qd8 21. b3
Nf6 22. Nxf6+ Bxf6 23. Be4 Ra7 24. Bd5 b6 25. Re3 b5 26. axb5 axb5 27. g3 Ra1+
28. Re1 Ra5 29. Kg2 b4 30. Qe4 Ra3 31. Qe8+ Qxe8 32. Rxe8+ Kg7 33. Re3 Ra2 34.
Rd3 Ra3 35. Nd2 Ra2 36. Ne4 Be5 37. Rf3 f5 38. Ng5 Ra3 39. Rd3 Bc3 40. Ne6+ Kf6
41. Nc7 Rxb3 42. Nb5 Ke7 43. Bf3 h6 44. Nxc3 Rxc3 45. Rxc3 bxc3 46. Bd1 Ke6 47.
Kf3 Ke5 48. Ke3 d5 49. cxd5 Kxd5 50. Kd3 g5 51. Bf3+ Kd6 52. Kxc3 f4 53. Kc4
fxg3 54. fxg3 Ke5 55. Kxc5 Kf6 56. Kd5 Kf5 57. Be4+ Kf6 58. Kd4 Ke6 59. Ke3 Ke5
60. Kf3 h5 61. Bg6 h4 62. g4 Kf6 63. Bf5 Ke5 64. Ke3 Kd5 65. Bc8 Ke5 66. Bb7
Kd6 67. Ke4 Ke6 68. Ba6 Kf6 69. Bc8 Kg6 70. Ke5 Kg7 71. Kf5 Kh6 72. Bd7 Kg7 73.
Kxg5 Kh7 74. Kxh4 Kh6 75. Bf5 Kg7 76. Kh5 Kh8 77. Kh6 Kg8 78. g5 Kh8 79. g6 1-0

[Event "4NCL Online Division 5"]
[Site "online"]
[Date "2020.05.19"]
[Round "7.124"]
[White "Feather, Harry"]
[Black "Maton, James J"]
[Result "1-0"]
[WhiteElo "1562"]
[BlackElo "1562"]
[PlyCount "65"]
[EventDate "2020.05.19"]
[WhiteTeam "Darnall & Handsworth"]
[BlackTeam "St Albans 2"]

1. d4 d5 2. c4 c6 3. Nc3 Nf6 4. Nf3 Bf5 5. Qb3 Qb6 6. cxd5 Qxb3 7. axb3 Nxd5 8.
Nxd5 cxd5 9. e3 Nc6 10. Bb5 e6 11. Bd2 Bd6 12. Ne5 Rc8 13. Rxa7 O-O 14. Nxc6
bxc6 15. Ba4 c5 16. Rd7 Rfd8 17. Rxd8+ Rxd8 18. dxc5 Bxc5 19. Ke2 d4 20. exd4
Rxd4 21. Rc1 Bd3+ 22. Kd1 Bf8 23. Rc8 g6 24. Kc1 Kg7 25. Bc3 e5 26. Bxd4 exd4
27. Kd2 Bf1 28. Bc6 Bb4+ 29. Kd1 d3 30. Bf3 Kf6 31. Rc4 Bd6 32. Ke1 d2+ 33.
Kxf1 1-0

[Event "4NCL Online Division 5"]
[Site "online"]
[Date "2020.05.19"]
[Round "7.131"]
[White "Rizvi, Nasir"]
[Black "Kassey, Amaan"]
[Result "1-0"]
[WhiteElo "1989"]
[BlackElo "1660"]
[PlyCount "105"]
[EventDate "2020.05.19"]
[WhiteTeam "4 Gems"]
[BlackTeam "MCS Oxford Juniors"]

1. c4 e5 2. g3 c6 3. d4 e4 4. Nc3 d5 5. cxd5 cxd5 6. Qb3 Nf6 7. Bg5 Be7 8. Bxf6
Bxf6 9. Qxd5 O-O 10. Qxd8 Rxd8 11. e3 Bf5 12. Bg2 Re8 13. Nge2 Nd7 14. Nb5 Re7
15. Nd6 Bg6 16. Nf4 Nb6 17. O-O Rd8 18. Nxg6 hxg6 19. Nxe4 Nc4 20. b3 Nd6 21.
Nxf6+ gxf6 22. Rfc1 Ree8 23. Rc7 Rc8 24. Rac1 Rxc7 25. Rxc7 Rc8 26. Rxc8+ Nxc8
27. Bxb7 Nd6 28. Bc6 g5 29. Kf1 Kf8 30. Ke2 Ke7 31. Kd3 Ke6 32. e4 Nc8 33. a4
Nb6 34. a5 Nc8 35. b4 Kd6 36. Bd5 Ke7 37. e5 f5 38. Bb7 Kd7 39. Bxc8+ Kxc8 40.
h4 Kd8 41. b5 Kd7 42. h5 Ke8 43. b6 axb6 44. a6 b5 45. a7 b4 46. a8=Q+ Ke7 47.
d5 b3 48. Qb7+ Kf8 49. e6 fxe6 50. dxe6 Kg8 51. Qf7+ Kh8 52. e7 b2 53. e8=Q#
1-0

[Event "4NCL Online Division 5"]
[Site "online"]
[Date "2020.05.19"]
[Round "7.132"]
[White "Bridson, Ewan"]
[Black "Whelan, Joseph"]
[Result "0-1"]
[WhiteElo "1525"]
[BlackElo "1358"]
[PlyCount "76"]
[EventDate "2020.05.19"]
[WhiteTeam "MCS Oxford Juniors"]
[BlackTeam "4 Gems"]

1. e4 e6 2. d4 d5 3. e5 c5 4. c3 c4 5. Nf3 Be7 6. b3 b5 7. b4 a5 8. Bd2 axb4 9.
cxb4 Nc6 10. Nc3 Qb6 11. a3 Nxd4 12. Nxd4 Qxd4 13. Nxb5 Qxe5+ 14. Be2 d4 15. a4
c3 16. Bc1 Bxb4 17. Qxd4 c2+ 18. Qxb4 Qxa1 19. Qd6 Qxc1+ 20. Bd1 Qxd1+ 21. Qxd1
cxd1=Q+ 22. Kxd1 Kd7 23. Kc1 Nf6 24. Rd1+ Nd5 25. Nc3 Bb7 26. Nxd5 Bxd5 27. Rd4
Rhc8+ 28. Kd2 Rc4 29. Rd3 Raxa4 30. f3 Ra2+ 31. Ke3 Rxg2 32. Ra3 Rgc2 33. Ra7+
Kd6 34. f4 R2c3+ 35. Kf2 Rf3+ 36. Ke2 Rc2+ 37. Ke1 Rb3 38. Ra1 Rxh2 0-1

[Event "4NCL Online Division 5"]
[Site "online"]
[Date "2020.05.19"]
[Round "7.133"]
[White "Gogia, Abeer"]
[Black "Li, Evan"]
[Result "1-0"]
[WhiteElo "1412"]
[BlackElo "1435"]
[PlyCount "107"]
[EventDate "2020.05.19"]
[WhiteTeam "4 Gems"]
[BlackTeam "MCS Oxford Juniors"]

1. e4 c5 2. Nc3 Nc6 3. f4 e6 4. Nf3 g6 5. Bb5 Nge7 6. Bxc6 Nxc6 7. O-O Bg7 8.
d3 O-O 9. a3 d5 10. e5 a6 11. Kh1 b5 12. Bd2 Bb7 13. Ne2 f6 14. exf6 Bxf6 15.
Bc3 d4 16. Bd2 Qc7 17. Qe1 Rf7 18. Qg3 Raf8 19. Qh3 Kg7 20. f5 exf5 21. Bh6+
Kg8 22. Bxf8 Rxf8 23. Qg3 Qxg3 24. Nxg3 Ne5 25. Nxe5 Bxe5 26. Rfe1 Bxg3 27.
hxg3 Kf7 28. Re5 Rc8 29. Rae1 Rc7 30. g4 fxg4 31. Rg5 h5 32. Ree5 c4 33. dxc4
bxc4 34. Rc5 Rxc5 35. Rxc5 Be4 36. Rxc4 Ke6 37. c3 Bd5 38. Rxd4 g5 39. Ra4 Bb7
40. Rb4 Bc8 41. Rb6+ Kf5 42. c4 h4 43. c5 h3 44. gxh3 gxh3 45. c6 g4 46. c7 g3
47. Rb8 Bd7 48. c8=Q Bxc8 49. Rxc8 Kg4 50. Rg8+ Kf3 51. Kg1 h2+ 52. Kh1 Kf2 53.
b4 Kf3 54. a4 1-0